MDQL
is popping MORE tags! Check the
thread
!
Quizzes
Events
Quiz Creation
Community
Videos
Private Events
Remove Ads
Sign In
Join for FREE
Feedback
Dark Mode
Quiz Categories
Sports
Geography
Music
Movies
Television
Just For Fun
Miscellaneous
History
Literature
Language
Science
Gaming
Entertainment
Religion
Holiday
For Kids
Quiz Lab
Recent
Popular Today
Quiz Kudos Today
Editor Picks
Curator Picks
Quizzes by...
Day
Popularity
Type
Ratings
Length
Year
Community
Subscriptions
Recent Discussions
Orange Saloon
Badges
Playlists
Quests
Create
Leaderboards
Showdown
Live 5
Trivia Bingo
Activity
Puzzle Library
Sporcle Events
Private Events
Virtual Trivia
Globe League
Become a Host
Pub Owners
SporcleCon
Opinionation
Our Games
Videos
Blog
Mobile Apps
Partnerships
Remove Ads and Go Orange
Feedback
Television
TV Characters
TV Show
Sitcom
Network
Friends
Reality Shows
Cast
South Park
Star Trek
The Simpsons
Doctor Who
Television
TV Characters
TV Show
Sitcom
Network
Friends
Reality Shows
Cast
South Park
Star Trek
The Simpsons
Doctor Who
Random Quiz
Search Sporcle
×
Quiz Lab
Quiz Lab
Television
Cartoons
Type in answers that appear in a list
Type in answers that appear in a list
Classic
Best Score? Go Orange.
Bob's Burgers Recurring Characters Stats
Can you name the Bob's Burgers Recurring Characters?
By
Lucassmith
5m
14 Questions
5,805 Plays
5,805 Plays
5,805 Plays
Comments
Comments
Give Quiz Kudos
Give Quiz Kudos
-
- Ratings
hide this ad
Replay
Link that replays current quiz
Next Quiz
Link to next quiz in quiz playlist
You Got
0%
They Got
Avg Score
87%
Avg Friend Score
Upgrade to see
Score Distribution
Jump to the score distribution portion of the page
Score
0/14
Timer
05:00
1
Play Today
Hint
Character
% Correct
Father/
Owner of Bob's Burgers
Bob Belcher
99.6%
Oldest Daughter
Tina Belcher
98.4%
Son
Gene Belcher
97.1%
Youngest Daughter
Louise Belcher
97%
Mother
Linda Belcher
96.7%
Owner of Rival Resturant
Jimmy Pesto
94.1%
Mortician Next Door/
Regular Customer at Bob's Burgers
Mort
94.1%
Hint
Character
% Correct
Oldest Son of Rival Resturant Owner
Jimmy Pesto Jr.
89.9%
Regular Customer at Bob's Burgers
Teddy
89%
Twin Son of Rival Resturant Owner
Ollie Pesto
85%
Twin Son of Rival Resturant Owner
Andy Pesto
82%
School Guidance Counselor
Mr. Frond
77.1%
Health Inspector
Hugo
69.6%
Assistant to Health Inspector
Ron
61.6%
Quiz Playlist
Details
Report
Send in Message
Add To Playlist
Classic:
Type in answers that appear in a list
Last Updated: Feb 16, 2017
Quiz Scoreboard
CHALLENGE
Sign Up to Join the Scoreboard
Show All
Scores
Hide
Comments
May contain spoilers
Recently Published
Two Season TV Shows II
by 123Four
Television
10m
Image Sorting: Flags VI
by Barbecue
Geography
2m
Find the 'City' Movie
by crazypaving
Movies
60s
More to Explore
Quiz From the Vault
Featured Blog Post
14 Easter Pick-up Lines to Find Eggs With
hide this ad
You Might Also Like...
Tags
Cartoons Quiz
TV Show Quiz
Fox
Fox Animation
Fox News
Today's Top Quizzes in Television
Browse Television
hide this ad
Today's Top Quizzes in Cartoons
Browse Cartoons
Top Contributed Quizzes in Television
1
Survivor Journey Challenge
2
Adjectives in 00s TV Shows
3
Brooklyn Nine Nine Logic Puzzle (How-To-Play)
4
Even More Two Season TV Shows
5
Total Drama Characters
6
Survivor Logic Puzzle: Heroes vs. Villains
7
Adjectives in 10s TV Shows
8
Survivor Heroes vs. Villains Logic Puzzle
9
Phoebe Buffay Quotes
10
Survivor Seasons
Explore More
Trending Topics
Disney
Anime
Crossword
Kpop
Marvel
Harry Potter
NBA
The Office
Pokémon
Soccer
Puzzle
Song
Country
WWE
NFL
hide this ad
More By:
Lucassmith
Quiz
Plays
Rating
Category
Featured
Created
Bob's Burgers Recurring Characters
5,805
3.29
Television
May 20, 2011
WCW Roster 2000
1,711
2.33
Sports
Feb 19, 2011
WCW New Blood
523
2.75
Sports
Feb 27, 2011
NHL New York Islanders All-Stars
480
5.00
Sports
Apr 4, 2011
NHL Goals Per Game All-Time
461
3.80
Sports
Apr 4, 2011
Go to Creator's Profile
Score Distribution
Quiz Creator Spotlight
Lucassmith
Follow
Send a Message
Quizzes Created
-
Created Quiz Play Count
-
More By This Creator
Popular Quizzes Today
1
Find the US States - No Outlines Minefield
2
Colored Red Africa Blitz
3
Find the 'City' Movie
4
5x2 Blitz: Bands
5
The Countries of the World
6
Find the Countries of Europe - No Outlines Minefield
7
Find the US States
8
US States
More Television Quizzes
A-Z Characters: 1970s Cartoons
Curator's Pick
Trending Quizzes
Colored Red Europe Blitz I
Colored Red Africa Blitz II
Colored Red Europe Blitz II
Colored Red Africa Blitz III
Colored Red Europe Blitz III
Recently Updated
How Do You Spell That?
pecheneg
Godzilla Movies
pecheneg
Grab Bag: 4-10 Letters
pecheneg
2024 March Madness Bracket
pecheneg
Famous TV Couples
Peacemaker
Champions League XIs: Real Madrid
pecheneg
Largest US Cities 1790-2010
pecheneg
Rides in Walt Disney World
pecheneg
Most Oscar Losses (Acting)
pecheneg
Beyoncé Albums
pecheneg
Trending Topics
NBA
Anime
Disney
Harry Potter
Kpop
Marvel
Crossword
Pokémon
Country
Puzzle
WWE
The Office
Soccer
Song
NFL
Your Account Isn't Verified!
In order to create a playlist on Sporcle, you need to verify the email address you used during registration. Go to your
Sporcle Settings
to finish the process.
Report this User
Report this user for behavior that violates our
Community Guidelines
.
Details:
Send Report
Go to the Sporcle.com Mobile Site →
Comments